| 000 | 00466nam a22001577a 4500 | ||
|---|---|---|---|
| 003 | OSt | ||
| 005 | 20240416155159.0 | ||
| 008 | 240416b |||||||| |||| 00| 0 eng d | ||
| 040 | _cMRSPTU | ||
| 100 | _aSingh, Gopal (ਸਿੰਘ, ਗੋਪਾਲ) | ||
| 245 |
_aPrithvi (ਪ੍ਰਿਥਵੀ) _bਸੀਨੀਅਰ ਸਾਇੰਸ ਸੀਰੀਜ਼ |
||
| 250 | _a2nd | ||
| 260 |
_aPunjab _bDirector Education Department _c1996 |
||
| 300 | _a53 | ||
| 942 |
_2ddc _cBK _n0 |
||
| 999 |
_c10063 _d10063 |
||